BOLIVIAN DIARY THE UNTOLD STORY OF HIS F (Record no. 18445)

MARC details
000 -LEADER
fixed length control field 00360nam a2200133Ia 4500
008 - FIXED-LENGTH DATA ELEMENTS--GENERAL INFORMATION
fixed length control field 240624s9999 xx 000 0 und d
041 ## - LANGUAGE CODE
Language code of text/sound track or separate title eng
082 ## - DEWEY DECIMAL CLASSIFICATION NUMBER
Classification number 823 GUE
100 ## - MAIN ENTRY--PERSONAL NAME
Personal name GUEVARA ERNESTO CHE
245 ## - TITLE STATEMENT
Title BOLIVIAN DIARY THE UNTOLD STORY OF HIS F
260 ## - PUBLICATION, DISTRIBUTION, ETC.
Date of publication, distribution, etc. 2006
Place of publication, distribution, etc. New Delhi
Name of publisher, distributor, etc. Harper Perennial
300 ## - PHYSICAL DESCRIPTION
Extent xi, : 303 : p. : cm. ; 20
365 ## - TRADE PRICE
Currency code RS
Price amount 25
Holdings
Withdrawn status Lost status Damaged status Not for loan Home library Current library Shelving location Date acquired Source of acquisition Cost, normal purchase price Total Checkouts Full call number Barcode Date last seen Date last checked out Copy number Price effective from Koha item type
        IMTN IMTN Rack 40-B 04/30/2012 IBH 295.00 1 823 GUE 18445 10/10/2024 10/01/2024 1 06/24/2024 Books
Designed & Maintained by: LRC IMT Nagpur Contact: lrc@imtnag.ac.in© 2024. All Rights Reserved.